000 00562nam a22001937a 4500
999 _c5615
_d5615
003 AR-CdUCM
008 190312b ||||| |||| 00| 0 spa d
040 _aMUNICIPALIDAD PROVINCIAL DEL CUSCO
_cBIBLIOTECA MUNICIPAL DEL CUSCO
082 _a869.56 /
_bC31
100 _aCarrillo Espejo, Francisco
_911295
245 _aKeiko San /
260 _aLima :
_bMilla Batres,
_c1973.
300 _a71 páginas ;
_c21 cm.
_e+ fé de herratas
650 _aNovelas peruanas
_9545
650 _aSiglo XX
_98
650 _aCartas
_9213
942 _2ddc
_cLIBROS
945 _azta